[Event "Leningrad-Moscow m"]
[Site "Leningrad"]
[Date "1987.??.??"]
[Round "?"]
[White "Balashov, Yuri S"]
[Black "Taimanov, Mark E"]
[Result "1-0"]
[WhiteElo "2525"]
[BlackElo "2480"]
[PlyCount "109"]
[EventDate "1987.??.??"]
[EventType "team-tourn"]
[EventRounds "2"]
[EventCountry "URS"]
[SourceTitle "EXT 2003"]
[Source "ChessBase"]
[SourceDate "2002.11.25"]
[SourceVersion "1"]
[SourceVersionDate "2002.11.25"]
[SourceQuality "1"]

1. e4 c5 2. Nf3 e6 3. d4 cxd4 4. Nxd4 a6 5. Nc3 Nc6 6. Be2 Nge7 7. Bf4 Ng6 8.
Nxc6 bxc6 9. Bd6 Be7 10. O-O e5 11. g3 Bxd6 12. Qxd6 Qe7 13. Rad1 Qxd6 14. Rxd6
Rb8 15. b3 Ke7 16. Rfd1 Nf8 17. Bc4 h5 18. h4 f6 19. R1d2 a5 20. Nd1 Ra8 21.
Ne3 g6 22. a4 Rh7 23. f4 exf4 24. gxf4 Ba6 25. Kf2 Bxc4 26. Nxc4 Rf7 27. Ke3
Ra7 28. Rg2 Kd8 29. e5 fxe5 30. Nxe5 Re7 31. Rf6 Re8 32. Rd2 Kc7 33. Kf3 Raa8
34. Nxg6 Nxg6 35. Rxg6 d5 36. Rg5 Re4 37. Re2 Rxe2 38. Kxe2 Re8+ 39. Re5 Rh8
40. Kd3 Kd6 41. Rg5 Rh7 42. Rg6+ Kc5 43. f5 Re7 44. Rg5 Rh7 45. f6 Rf7 46. Rf5
Kd6 47. c4 Ke6 48. Rf1 Ke5 49. cxd5 cxd5 50. Rf2 d4 51. Rf1 Ke6 52. Kxd4 Rd7+
53. Ke4 Kf7 54. Rf5 Rd1 55. Rxh5 1-0

[Event "Dortmund-A"]
[Site "Dortmund"]
[Date "1987.??.??"]
[Round "?"]
[White "Balashov, Yuri S"]
[Black "Agdestein, Simen"]
[Result "1-0"]
[WhiteElo "2525"]
[BlackElo "2560"]
[PlyCount "69"]
[EventDate "1987.04.??"]
[EventType "tourn"]
[EventRounds "11"]
[EventCountry "GER"]
[EventCategory "11"]
[SourceTitle "CBM 002"]
[Source "ChessBase"]
[SourceDate "1988.02.01"]
[SourceVersion "1"]
[SourceVersionDate "1988.02.01"]
[SourceQuality "1"]

1. e4 e6 2. d4 d5 3. Nc3 Bb4 4. e5 c5 5. a3 Bxc3+ 6. bxc3 Ne7 7. Qg4 Qc7 8.
Qxg7 Rg8 9. Qxh7 cxd4 10. Ne2 Nbc6 11. f4 Bd7 12. Qd3 dxc3 13. Qxc3 O-O-O 14.
Rb1 d4 15. Qd3 Nd5 16. g3 f6 17. exf6 Nxf6 18. Bg2 e5 19. fxe5 Nxe5 20. Qb3 Bc6
21. Qe6+ Nfd7 22. Bxc6 Nxc6 23. Bf4 Qa5+ 24. Kf2 Rge8 25. Qc4 Nb6 26. Qd3 Qh5
27. Rb5 Nd5 28. Rc5 Qf7 29. Rb1 Qe6 30. Kf1 Rh8 31. Kg1 Rd7 32. Qf3 Nde7 33.
Be5 Rhd8 34. Nf4 Qa2 35. Rxc6+ 1-0

[Event "Voronezh"]
[Site "Voronezh"]
[Date "1987.??.??"]
[Round "?"]
[White "Balashov, Yuri S"]
[Black "Smagin, Sergey"]
[Result "1-0"]
[WhiteElo "2550"]
[BlackElo "2555"]
[PlyCount "81"]
[EventDate "1987.09.??"]
[EventType "tourn"]
[EventRounds "13"]
[EventCountry "URS"]
[EventCategory "9"]
[SourceTitle "EXT 1997"]
[Source "ChessBase"]
[SourceDate "1996.11.15"]
[SourceVersion "1"]
[SourceVersionDate "1996.11.15"]
[SourceQuality "1"]

1. e4 c6 2. d4 d5 3. Nc3 dxe4 4. Nxe4 Nd7 5. Bc4 Ngf6 6. Nxf6+ Nxf6 7. c3 e6 8.
Nf3 Be7 9. O-O O-O 10. Qe2 Qc7 11. Bg5 Nd5 12. Bxe7 Qxe7 13. Ne5 Qc7 14. Qe4 f6
15. Nd3 Qf7 16. Rfe1 b6 17. Bb3 Bd7 18. c4 Nc7 19. Nb4 g5 20. Ba4 b5 21. cxb5
cxb5 22. Bb3 a5 23. Rac1 Ra7 24. d5 Kg7 25. Qe3 Rb7 26. Rxc7 Rxc7 27. Na6 Rcc8
28. dxe6 Bxe6 29. Bxe6 Rfe8 30. Bxf7 Rxe3 31. fxe3 Kxf7 32. b4 Rc6 33. Nc5 axb4
34. Rc1 Rc7 35. Kf2 Ra7 36. Rc2 Ra3 37. Ke2 Kg6 38. Rb2 Kf5 39. Nd3 h5 40. Nxb4
h4 41. Nc2 1-0

[Event "Voronezh"]
[Site "Voronezh"]
[Date "1987.??.??"]
[Round "?"]
[White "Kristiansen, Jens"]
[Black "Balashov, Yuri S"]
[Result "0-1"]
[WhiteElo "2445"]
[BlackElo "2550"]
[PlyCount "130"]
[EventDate "1987.09.??"]
[EventType "tourn"]
[EventRounds "13"]
[EventCountry "URS"]
[EventCategory "9"]
[SourceTitle "EXT 1997"]
[Source "ChessBase"]
[SourceDate "1996.11.15"]
[SourceVersion "1"]
[SourceVersionDate "1996.11.15"]
[SourceQuality "1"]

1. e4 e5 2. Nf3 Nc6 3. Bb5 a6 4. Ba4 Nf6 5. d3 d6 6. c3 g6 7. Nbd2 Bg7 8. Nf1
O-O 9. Bg5 h6 10. Bxf6 Qxf6 11. Ne3 Qd8 12. h4 f5 13. Bb3+ Kh8 14. h5 f4 15.
Nd5 g5 16. Nh2 Nb8 17. Nb4 c6 18. Nc2 Qe7 19. Qe2 Nd7 20. a3 g4 21. O-O-O Qg5
22. f3 g3 23. Nf1 Nf6 24. Nd2 b5 25. d4 Bd7 26. dxe5 dxe5 27. Nb1 Rfd8 28. Bf7
Bf8 29. Rd2 Qg7 30. Bg6 c5 31. c4 b4 32. Rhd1 Qe7 33. Rd3 Be6 34. Rxd8 Rxd8 35.
Rxd8 Qxd8 36. Qd2 Qb6 37. Qd3 a5 38. Nd2 a4 39. Ne1 Kg7 40. Nc2 Bd6 41. Ne1 Kf8
42. Qc2 Qa5 43. Nd3 b3 44. Qd1 Qc7 45. Qe2 Be7 46. Ne1 Qd6 47. Qd3 Qxd3 48.
Nxd3 Bd6 49. Kd1 Ke7 50. Ke2 Nd7 51. Bf5 Bf7 52. Bxd7 Kxd7 53. Nc1 Bc7 54. Kd3
Ba5 55. Nb1 Bxh5 56. Ne2 Be1 57. Nbc3 Bf2 58. Nd5 Kd6 59. Nf6 Bf7 60. Nc3 h5
61. Nfd5 h4 62. Ke2 Bxd5 63. exd5 Bd4 64. Ne4+ Kd7 65. Kf1 Ke7 0-1

[Event "Malmo"]
[Site "Malmo"]
[Date "1987.??.??"]
[Round "?"]
[White "Balashov, Yuri S"]
[Black "Hellers, Ferdinand"]
[Result "1-0"]
[WhiteElo "2550"]
[BlackElo "2490"]
[PlyCount "61"]
[EventDate "1987.12.??"]
[EventType "tourn"]
[EventRounds "9"]
[EventCountry "SWE"]
[EventCategory "11"]
[SourceTitle "TD"]
[Source "ChessBase"]
[SourceDate "1994.03.01"]
[SourceVersion "1"]
[SourceVersionDate "1994.03.01"]
[SourceQuality "1"]

1. d4 Nf6 2. Nf3 g6 3. Bg5 Bg7 4. Nbd2 c5 5. c3 cxd4 6. cxd4 O-O 7. e3 Nc6 8.
Be2 d5 9. O-O Bf5 10. Qb3 Qb6 11. Qxb6 axb6 12. a3 Rfc8 13. Rac1 Ne4 14. Nxe4
Bxe4 15. Bf4 f6 16. Bg3 e5 17. dxe5 Nxe5 18. Nd4 Bd3 19. Rfd1 Rxc1 20. Rxc1
Bxe2 21. Nxe2 Nd3 22. Rc7 Nxb2 23. h4 Nd3 24. Nc3 Rxa3 25. Nxd5 Ra8 26. h5 Nc5
27. h6 Bh8 28. Nxb6 Ra1+ 29. Kh2 Ne6 30. Rc8+ Nf8 31. Nd7 1-0

[Event "URS-ch otbor56"]
[Site "Uzhgorod"]
[Date "1988.??.??"]
[Round "?"]
[White "Balashov, Yuri S"]
[Black "Yanvarjov, Igor"]
[Result "1-0"]
[WhiteElo "2540"]
[BlackElo "2365"]
[PlyCount "73"]
[EventDate "1988.??.??"]
[EventType "swiss"]
[EventRounds "11"]
[EventCountry "URS"]
[SourceTitle "TD"]
[Source "ChessBase"]
[SourceDate "1994.03.01"]
[SourceVersion "1"]
[SourceVersionDate "1994.03.01"]
[SourceQuality "1"]

1. e4 e5 2. Nf3 d6 3. d4 Nf6 4. Nc3 Nbd7 5. Bc4 Be7 6. O-O O-O 7. Re1 a6 8. a4
b6 9. h3 Bb7 10. d5 Nc5 11. Nh2 c6 12. Ng4 Nxg4 13. hxg4 Rc8 14. b3 Bg5 15. Ba3
a5 16. g3 cxd5 17. Nxd5 Nxa4 18. Bb5 Nc5 19. b4 Ne6 20. c3 g6 21. bxa5 bxa5 22.
Bxd6 Bxd5 23. Bxf8 Rxc3 24. exd5 Nd4 25. Bd3 Bd2 26. Be4 Bxe1 27. Bh6 f5 28.
gxf5 gxf5 29. Qh5 fxe4 30. Qg4+ Kf7 31. Qg7+ Ke8 32. Qxe5+ Qe7 33. Qxd4 Bxf2+
34. Kxf2 Qf7+ 35. Bf4 Rf3+ 36. Kg2 Rxf4 37. Qe5+ 1-0

[Event "Lugano Open-13"]
[Site "Lugano"]
[Date "1988.??.??"]
[Round "?"]
[White "Balashov, Yuri S"]
[Black "Karl, Hans"]
[Result "1-0"]
[WhiteElo "2555"]
[BlackElo "2310"]
[PlyCount "51"]
[EventDate "1988.03.??"]
[EventType "swiss"]
[EventRounds "9"]
[EventCountry "SUI"]
[SourceTitle "EXT 1997"]
[Source "ChessBase"]
[SourceDate "1996.11.15"]
[SourceVersion "1"]
[SourceVersionDate "1996.11.15"]
[SourceQuality "1"]

1. e4 e5 2. Nf3 Nc6 3. Bb5 a6 4. Ba4 Nf6 5. d3 d6 6. c3 Be7 7. Nbd2 O-O 8. Nf1
b5 9. Bc2 d5 10. Qe2 Re8 11. Ng3 h6 12. O-O Bf8 13. Re1 Bd7 14. Bd2 dxe4 15.
Nxe4 Bf5 16. a4 Rb8 17. axb5 axb5 18. Ra6 Nxe4 19. dxe4 Bd7 20. Bb3 Bc5 21. Rd1
Qe7 22. Be3 Bd6 23. g3 Kh7 24. Nh4 g6 25. Qd2 Qf8 26. Bc5 1-0

[Event "Tirnavia-A"]
[Site "Trnava"]
[Date "1988.??.??"]
[Round "?"]
[White "Balashov, Yuri S"]
[Black "Lechtynsky, Jiri"]
[Result "1-0"]
[WhiteElo "2555"]
[BlackElo "2470"]
[PlyCount "79"]
[EventDate "1988.03.??"]
[EventType "tourn"]
[EventRounds "10"]
[EventCountry "CSR"]
[EventCategory "12"]
[SourceTitle "CBM 007"]
[Source "ChessBase"]
[SourceDate "1988.12.01"]
[SourceVersion "1"]
[SourceVersionDate "1988.12.01"]
[SourceQuality "1"]

1. e4 c6 2. Nc3 d5 3. Nf3 Bg4 4. h3 Bxf3 5. Qxf3 e6 6. d4 Nf6 7. Bd3 Qb6 8. O-O
Qxd4 9. Be3 Qb4 10. exd5 exd5 11. Rfe1 Be7 12. Bf4 Kf8 13. Qg3 Nbd7 14. Rxe7
Kxe7 15. Bc7 Ne8 16. a3 Qxb2 17. Re1+ Kf8 18. Bd6+ Kg8 19. Bb4 a5 20. Be7 Qb6
21. Rb1 Qd4 22. Rxb7 Ra7 23. Rb1 Qe5 24. Qxe5 Nxe5 25. Bc5 Ra8 26. Bf5 g6 27.
f4 gxf5 28. fxe5 Nc7 29. Be7 d4 30. Ne2 Ne6 31. Ng3 f4 32. Nf5 h5 33. Bf6 c5
34. Rb7 Rh7 35. h4 a4 36. Kf2 c4 37. Rb4 c3 38. Nxd4 Nxd4 39. Rxd4 Rh6 40. Rxf4
1-0

[Event "Thaelmann Memorial"]
[Site "Berlin East"]
[Date "1988.??.??"]
[Round "4"]
[White "Balashov, Yuri S"]
[Black "Boensch, Uwe"]
[Result "1-0"]
[WhiteElo "2540"]
[BlackElo "2575"]
[PlyCount "95"]
[EventDate "1988.04.05"]
[EventType "tourn"]
[EventRounds "9"]
[EventCountry "DDR"]
[EventCategory "11"]
[SourceTitle "EXT 2001"]
[Source "ChessBase"]
[SourceDate "2000.11.22"]
[SourceVersion "1"]
[SourceVersionDate "2000.11.22"]
[SourceQuality "1"]

1. e4 c5 2. Nc3 e6 3. Nge2 d6 4. g3 Nc6 5. Bg2 Nf6 6. O-O Be7 7. d3 O-O 8. h3
d5 9. exd5 Nxd5 10. Nxd5 exd5 11. Nf4 d4 12. Nd5 Be6 13. Qh5 Bxd5 14. Bxd5 Qd7
15. Bg2 Rfe8 16. Bd2 Bf8 17. Rfe1 g6 18. Qf3 Bg7 19. a3 h6 20. Qd5 Qxd5 21.
Bxd5 Rec8 22. Re2 Bf8 23. Rae1 Rd8 24. Bg2 Rac8 25. h4 b5 26. Bf4 h5 27. Bh3 f5
28. Re6 Kf7 29. Bg2 Ne7 30. Bb7 Rb8 31. Bxb8 Rxb8 32. Bf3 Rb6 33. R6e5 c4 34.
Bd5+ Nxd5 35. Rxd5 cxd3 36. cxd3 b4 37. a4 b3 38. Rxd4 Bb4 39. Rc1 a5 40. Rc7+
Kf6 41. Rdc4 Ke5 42. R7c6 Rb7 43. Rxg6 Ba3 44. Ra6 Bxb2 45. Rxa5+ Kd6 46. Rb5
Rxb5 47. axb5 Ba3 48. Rc3 1-0

[Event "Uzhgorod"]
[Site "Uzhgorod"]
[Date "1988.??.??"]
[Round "?"]
[White "Balashov, Yuri S"]
[Black "Luther, Thomas"]
[Result "1-0"]
[WhiteElo "2540"]
[BlackElo "2410"]
[PlyCount "79"]
[EventDate "1988.09.??"]
[EventType "tourn"]
[EventRounds "11"]
[EventCountry "URS"]
[EventCategory "8"]
[SourceTitle "TD"]
[Source "ChessBase"]
[SourceDate "1994.03.01"]
[SourceVersion "1"]
[SourceVersionDate "1994.03.01"]
[SourceQuality "1"]

1. Nf3 d5 2. b3 Bg4 3. Bb2 Nd7 4. e3 Ngf6 5. h3 Bxf3 6. Qxf3 c6 7. d3 e5 8. Nd2
Bd6 9. g3 O-O 10. Bg2 Qe7 11. a3 a5 12. O-O Rfe8 13. e4 d4 14. Qe2 a4 15. b4 b5
16. f4 c5 17. bxc5 Bxc5 18. Qf2 Rac8 19. Kh1 Bd6 20. Nf3 Nh5 21. Bc1 Kh8 22.
Nh2 Rc6 23. Bf3 Ndf6 24. Bd2 Qc7 25. Ng4 Nxg4 26. hxg4 Nf6 27. g5 Ng8 28. Kg2
f6 29. gxf6 Nxf6 30. Rh1 Ng8 31. Rab1 Rb6 32. f5 b4 33. g4 bxa3 34. Rxb6 Qxb6
35. Qh4 h6 36. g5 Bf8 37. f6 gxf6 38. gxh6 a2 39. h7 Nh6 40. Bxh6 1-0

[Event "Uzhgorod"]
[Site "Uzhgorod"]
[Date "1988.??.??"]
[Round "?"]
[White "Balashov, Yuri S"]
[Black "Stratil, Ladislav Jr"]
[Result "1-0"]
[WhiteElo "2540"]
[BlackElo "2415"]
[PlyCount "119"]
[EventDate "1988.09.??"]
[EventType "tourn"]
[EventRounds "11"]
[EventCountry "URS"]
[EventCategory "8"]
[SourceTitle "TD"]
[Source "ChessBase"]
[SourceDate "1994.03.01"]
[SourceVersion "1"]
[SourceVersionDate "1994.03.01"]
[SourceQuality "1"]

1. e4 c5 2. d3 Nc6 3. f4 d6 4. Nf3 g6 5. g3 Bg7 6. Bg2 e6 7. O-O Nge7 8. Nc3
O-O 9. Be3 Nd4 10. Bf2 Nec6 11. Nxd4 Nxd4 12. Re1 Bd7 13. e5 dxe5 14. fxe5 Qc7
15. Ne4 Bc6 16. c3 Bxe4 17. Rxe4 Nf5 18. Qe2 Rad8 19. Rc4 Qxe5 20. Qxe5 Bxe5
21. Bxc5 Nd6 22. Ra4 b6 23. Bf2 Nc8 24. Re1 Bb8 25. d4 Nd6 26. g4 Rc8 27. d5
exd5 28. Bxd5 Rfe8 29. Rxe8+ Rxe8 30. Kf1 Re5 31. Bf3 Re8 32. Rd4 Bc7 33. a4
Rd8 34. Bh4 Re8 35. Bg3 Rd8 36. Bc6 f6 37. b4 a5 38. b5 Kf8 39. Kg2 Kf7 40. c4
Kf8 41. Bf2 Ke7 42. Bd5 Nf7 43. h4 Ne5 44. g5 f5 45. Bg3 Bb8 46. Rd2 Nd7 47.
Bf2 Nc5 48. Bxc5+ bxc5 49. b6 Be5 50. b7 Rf8 51. Rd1 Bc7 52. Re1+ Kd7 53. Be6+
Kc6 54. Bc8 Rd8 55. Re7 Bb8 56. Rxh7 Rd2+ 57. Kf3 Rd3+ 58. Ke2 Rd4 59. h5 gxh5
60. g6 1-0

[Event "Uzhgorod"]
[Site "Uzhgorod"]
[Date "1988.??.??"]
[Round "?"]
[White "Stempin, Pawel"]
[Black "Balashov, Yuri S"]
[Result "0-1"]
[WhiteElo "2435"]
[BlackElo "2540"]
[PlyCount "76"]
[EventDate "1988.09.??"]
[EventType "tourn"]
[EventRounds "11"]
[EventCountry "URS"]
[EventCategory "8"]
[SourceTitle "TD"]
[Source "ChessBase"]
[SourceDate "1994.03.01"]
[SourceVersion "1"]
[SourceVersionDate "1994.03.01"]
[SourceQuality "1"]

1. d4 Nf6 2. Nf3 e6 3. c4 b6 4. g3 Ba6 5. Qa4 c5 6. Bg2 Bb7 7. O-O cxd4 8. Nxd4
Bxg2 9. Kxg2 Be7 10. Rd1 O-O 11. Nc3 Qc8 12. f3 a6 13. Bg5 h6 14. Bxf6 Bxf6 15.
Ne4 Be5 16. Rd2 f5 17. Nc3 Bxd4 18. Rxd4 Nc6 19. Rd2 Ne5 20. b3 b5 21. Qb4 bxc4
22. Qd6 Qb8 23. Na4 Ra7 24. Nc5 a5 25. f4 Qxd6 26. Rxd6 Rc8 27. Na4 Nf7 28. Rd4
cxb3 29. axb3 Rc2 30. Kf2 d5 31. Ke1 Nd6 32. Kd1 Rac7 33. Rd2 R2c6 34. Rb2 Kf7
35. b4 Nc4 36. Rb3 axb4 37. Nb2 Nxb2+ 38. Rxb2 Rb7 0-1

[Event "URS-ch FL56"]
[Site "Klaipeda"]
[Date "1988.??.??"]
[Round "?"]
[White "Balashov, Yuri S"]
[Black "Guseinov, Aidyn"]
[Result "1-0"]
[WhiteElo "2540"]
[BlackElo "2325"]
[PlyCount "64"]
[EventDate "1988.11.??"]
[EventType "tourn"]
[EventRounds "17"]
[EventCountry "URS"]
[EventCategory "9"]
[SourceTitle "CBM 011"]
[Source "ChessBase"]
[SourceDate "1989.08.01"]
[SourceVersion "1"]
[SourceVersionDate "1989.08.01"]
[SourceQuality "1"]

1. e4 e5 2. Nf3 Nc6 3. Bb5 Nd4 4. Nxd4 exd4 5. O-O c6 6. Ba4 Nf6 7. c3 d3 8. e5
Ne4 9. Qf3 Nc5 10. Bd1 d6 11. b4 Ne6 12. Qxd3 dxe5 13. Qxd8+ Kxd8 14. d3 g5 15.
Re1 f6 16. Nd2 Kc7 17. Ne4 Be7 18. Bb3 a5 19. bxa5 Rxa5 20. Bd2 Re8 21. d4 exd4
22. cxd4 Ra8 23. Bc3 f5 24. d5 cxd5 25. Nf6 Bxf6 26. Bxf6 Rf8 27. Be5+ Kc6 28.
Rad1 d4 29. Rc1+ Kb5 30. Bc4+ Ka4 31. Bd6 Re8 32. Re5 Bd7 1-0

[Event "URS-ch FL56"]
[Site "Klaipeda"]
[Date "1988.??.??"]
[Round "?"]
[White "Balashov, Yuri S"]
[Black "Rozentalis, Eduardas"]
[Result "1-0"]
[WhiteElo "2540"]
[BlackElo "2490"]
[PlyCount "63"]
[EventDate "1988.11.??"]
[EventType "tourn"]
[EventRounds "17"]
[EventCountry "URS"]
[EventCategory "9"]
[SourceTitle "CBM 011"]
[Source "ChessBase"]
[SourceDate "1989.08.01"]
[SourceVersion "1"]
[SourceVersionDate "1989.08.01"]
[SourceQuality "1"]

1. d4 Nf6 2. c4 e6 3. Nc3 Bb4 4. e3 O-O 5. Bd3 c5 6. Nf3 d5 7. O-O Nc6 8. a3
Bxc3 9. bxc3 dxc4 10. Bxc4 Qc7 11. Bb5 Bd7 12. a4 Rfd8 13. Ba3 a6 14. Bd3 c4
15. Bxc4 Na5 16. Bd3 Qxc3 17. Be7 Re8 18. Rc1 Qb3 19. Bc2 Qd5 20. Bxf6 gxf6 21.
e4 Qh5 22. Qd2 Rac8 23. Bd1 Rxc1 24. Qxc1 Rc8 25. Qf4 Kg7 26. Qd6 Be8 27. d5
Qg4 28. Qb4 Nc4 29. Qxb7 exd5 30. Nd4 Qd7 31. Nf5+ Kh8 32. Qb4 1-0

[Event "Reykjavik"]
[Site "Reykjavik"]
[Date "1989.??.??"]
[Round "?"]
[White "Balashov, Yuri S"]
[Black "Stefansson, Hannes"]
[Result "1-0"]
[WhiteElo "2530"]
[BlackElo "2480"]
[PlyCount "84"]
[EventDate "1989.02.??"]
[EventType "tourn"]
[EventRounds "13"]
[EventCountry "ISL"]
[EventCategory "9"]
[SourceTitle "CBM 013"]
[Source "ChessBase"]
[SourceDate "1989.12.01"]
[SourceVersion "1"]
[SourceVersionDate "1989.12.01"]
[SourceQuality "1"]

1. e4 d6 2. d4 g6 3. Nf3 Nf6 4. Nbd2 Bg7 5. Be2 O-O 6. O-O c5 7. dxc5 dxc5 8.
c3 Qc7 9. Qc2 b6 10. Re1 Bb7 11. Bf1 Nc6 12. h3 Nd7 13. a4 Na5 14. Nc4 Nxc4 15.
Bxc4 Bc6 16. Qe2 Ne5 17. Bf4 Nxf3+ 18. Qxf3 Qb7 19. Bb5 a6 20. Bxc6 Qxc6 21.
Bg5 Ra7 22. Qd3 Be5 23. Red1 Rc8 24. Bh6 e6 25. Qd8+ Qe8 26. Qxb6 Qe7 27. Be3
Bc7 28. Qb3 Rb7 29. Qc4 Rxb2 30. Qxa6 Qe8 31. Qc4 Qc6 32. a5 Rb5 33. a6 Ra8 34.
a7 Bb6 35. Bh6 Bc7 36. Qd3 Rb7 37. g3 Bb6 38. Qd6 Qxe4 39. Rab1 Bc7 40. Rxb7
Qxb7 41. Qe7 Qf3 42. Rb1 Rc8 1-0

[Event "Reykjavik"]
[Site "Reykjavik"]
[Date "1989.??.??"]
[Round "?"]
[White "Balashov, Yuri S"]
[Black "Tisdall, Jonathan D"]
[Result "1-0"]
[WhiteElo "2530"]
[BlackElo "2460"]
[PlyCount "67"]
[EventDate "1989.02.??"]
[EventType "tourn"]
[EventRounds "13"]
[EventCountry "ISL"]
[EventCategory "9"]
[SourceTitle "CBM 013"]
[Source "ChessBase"]
[SourceDate "1989.12.01"]
[SourceVersion "1"]
[SourceVersionDate "1989.12.01"]
[SourceQuality "1"]

1. e4 c6 2. d3 d5 3. Nd2 g6 4. Ngf3 Bg7 5. g3 dxe4 6. dxe4 Nf6 7. Bg2 O-O 8.
O-O Na6 9. Qe2 Qa5 10. e5 Nd5 11. Nb3 Qc7 12. c4 Nb6 13. Bf4 Be6 14. Rac1 Rad8
15. Nbd4 Bg4 16. h3 Bxf3 17. Nxf3 e6 18. b3 h6 19. h4 Nb4 20. Rc3 c5 21. Re1
Rd7 22. a3 Nc6 23. Qe3 Nd4 24. g4 Kh7 25. Nd2 Rc8 26. Ne4 Qd8 27. Nf6+ Bxf6 28.
exf6 h5 29. gxh5 Qxf6 30. Be5 Qxh4 31. hxg6+ fxg6 32. Qc1 Qg4 33. Rh3+ Kg8 34.
Qh6 1-0

[Event "Biel MTO op"]
[Site "Biel"]
[Date "1989.??.??"]
[Round "7"]
[White "Balashov, Yuri S"]
[Black "Mueller, Karsten"]
[Result "1-0"]
[WhiteElo "2535"]
[BlackElo "2365"]
[PlyCount "135"]
[EventDate "1989.07.??"]
[EventType "swiss"]
[EventRounds "11"]
[EventCountry "SUI"]
[SourceTitle "EXT 1997"]
[Source "ChessBase"]
[SourceDate "1996.11.15"]
[SourceVersion "1"]
[SourceVersionDate "1996.11.15"]
[SourceQuality "1"]

1. e4 e6 2. d3 d5 3. Nd2 Nf6 4. Ngf3 b6 5. c3 c5 6. Be2 Be7 7. O-O O-O 8. Re1
Ba6 9. exd5 Nxd5 10. Nc4 Nd7 11. a4 Qc7 12. Bf1 Rfd8 13. g3 Bf6 14. Qe2 Nf8 15.
h4 h6 16. Bg2 Bb7 17. Nce5 Bxe5 18. Qxe5 Qe7 19. Qe2 Nf6 20. d4 cxd4 21. Nxd4
Bxg2 22. Kxg2 Qb7+ 23. Qf3 Qxf3+ 24. Kxf3 Rdc8 25. a5 bxa5 26. Rxa5 N8d7 27. g4
Nd5 28. g5 hxg5 29. hxg5 g6 30. Kg3 Nc5 31. Rd1 Ne4+ 32. Kg2 a6 33. Ne2 Nc5 34.
Ra3 a5 35. c4 Nb6 36. Rh3 Nxc4 37. b3 Nxb3 38. Rxb3 a4 39. Rb1 a3 40. Ra1 f6
41. gxf6 Kf7 42. Ra2 Kxf6 43. Rd3 Ra5 44. Rc3 Ra4 45. Raxa3 Rxa3 46. Bxa3 Ra8
47. Bb4 Ne5 48. Re3 Nf7 49. Rf3+ Kg7 50. Nf4 Ra6 51. Bc3+ e5 52. Nd3 Ra3 53.
Nxe5 Rxc3 54. Rxf7+ Kh6 55. Rf6 Rc5 56. Rxg6+ Kh5 57. Nd3 Rf5 58. Rg3 Kh4 59.
f4 Ra5 60. Nf2 Kh5 61. Rg8 Ra3 62. Ne4 Kh6 63. Ng3 Kh7 64. Rb8 Kg6 65. Kh3 Kf7
66. Kg4 Ra5 67. Ne4 Kg6 68. f5+ 1-0

[Event "Biel MTO op"]
[Site "Biel"]
[Date "1989.??.??"]
[Round "9"]
[White "Balashov, Yuri S"]
[Black "Groszpeter, Attila"]
[Result "1-0"]
[WhiteElo "2535"]
[BlackElo "2515"]
[PlyCount "83"]
[EventDate "1989.07.??"]
[EventType "swiss"]
[EventRounds "11"]
[EventCountry "SUI"]
[SourceTitle "EXT 1997"]
[Source "ChessBase"]
[SourceDate "1996.11.15"]
[SourceVersion "1"]
[SourceVersionDate "1996.11.15"]
[SourceQuality "1"]

1. e4 c5 2. Nc3 Nc6 3. g3 g6 4. Bg2 Bg7 5. d3 d6 6. f4 e6 7. Nf3 Nge7 8. O-O
O-O 9. Be3 Nd4 10. e5 Nef5 11. Bf2 Nxf3+ 12. Qxf3 Nd4 13. Qd1 dxe5 14. fxe5
Bxe5 15. Ne4 Bg7 16. c3 Nf5 17. Bxc5 Re8 18. Qf3 Qc7 19. d4 a5 20. g4 Nh6 21.
Rae1 Ra6 22. h3 f5 23. Ng3 Rc6 24. gxf5 Nxf5 25. Nxf5 gxf5 26. Qh5 Qf7 27.
Qxf7+ Kxf7 28. Bxc6 bxc6 29. Rf2 Ba6 30. Bd6 Bd3 31. Re3 Bb1 32. b4 axb4 33.
Bxb4 Ra8 34. a3 Bf6 35. Bd6 Bg5 36. Re1 Bd3 37. Rb2 Bb5 38. Kf2 Rd8 39. Be5 Ra8
40. Rg1 Bh6 41. c4 Ba6 42. Rb6 1-0

[Event "URS-sf Moscow-ch"]
[Site "Moscow"]
[Date "1989.??.??"]
[Round "?"]
[White "Balashov, Yuri S"]
[Black "Timoshenko, Georgy"]
[Result "1-0"]
[WhiteElo "2535"]
[BlackElo "2535"]
[PlyCount "79"]
[EventDate "1989.11.??"]
[EventType "tourn"]
[EventRounds "7"]
[EventCountry "URS"]
[EventCategory "10"]
[SourceTitle "CBM 016"]
[Source "ChessBase"]
[SourceDate "1990.06.01"]
[SourceVersion "1"]
[SourceVersionDate "1990.06.01"]
[SourceQuality "1"]

1. e4 Nf6 2. Nc3 d5 3. e5 d4 4. exf6 dxc3 5. fxg7 cxd2+ 6. Bxd2 Bxg7 7. Qf3
Bxb2 8. Rd1 Qd6 9. Bc4 Bf6 10. Ne2 Nc6 11. Bc3 Bxc3+ 12. Qxc3 Qb4 13. Bb5 Qxc3+
14. Nxc3 Bd7 15. Nd5 Rc8 16. O-O Nb8 17. Rfe1 e6 18. Nf6+ Ke7 19. Nxd7 c6 20.
Nxb8 cxb5 21. Nd7 f6 22. Re3 Rhg8 23. Rh3 Rg7 24. Ra3 a6 25. Rd2 Rc7 26. Rad3
Rg5 27. a3 h5 28. g3 h4 29. Kg2 hxg3 30. hxg3 Rh5 31. Rd4 Rg5 32. Kf1 Rh5 33.
Ke2 Rg5 34. Kd1 Rh5 35. Kc1 Rg5 36. Kb2 Rh5 37. Nb6 Rhc5 38. Rh4 Kf7 39. Nd7
R5c6 40. Rf4 1-0

[Event "Warsaw"]
[Site "Warsaw"]
[Date "1990.??.??"]
[Round "11"]
[White "Sznapik, Aleksander"]
[Black "Balashov, Yuri S"]
[Result "0-1"]
[WhiteElo "2485"]
[BlackElo "2535"]
[PlyCount "136"]
[EventDate "1990.01.??"]
[EventType "tourn"]
[EventRounds "13"]
[EventCountry "POL"]
[EventCategory "9"]
[SourceTitle "CBM 017"]
[Source "ChessBase"]
[SourceDate "1990.08.01"]
[SourceVersion "1"]
[SourceVersionDate "1990.08.01"]
[SourceQuality "1"]

1. e4 e5 2. Nf3 Nc6 3. Bb5 a6 4. Ba4 Nf6 5. O-O Be7 6. Re1 b5 7. Bb3 d6 8. c3
O-O 9. h3 Nd7 10. d4 Nb6 11. Nbd2 Bf6 12. Nf1 Re8 13. d5 Ne7 14. Ne3 Ng6 15.
Bc2 Nf4 16. b3 g6 17. a4 bxa4 18. bxa4 a5 19. c4 Nd7 20. Nd2 Nc5 21. Nb3 Nxb3
22. Bxb3 Bg7 23. Bc2 Bd7 24. Ra3 c5 25. dxc6 Bxc6 26. Nd5 Ne6 27. Be3 Rb8 28.
Rb3 Rxb3 29. Bxb3 Nd4 30. Qd3 Qd7 31. Rb1 Rb8 32. Bd1 Rxb1 33. Qxb1 Qd8 34. g3
h5 35. h4 Kh7 36. Bg5 Qc8 37. Kg2 Bh6 38. Nf6+ Kg7 39. Qc1 Qh8 40. c5 Bxg5 41.
hxg5 Qd8 42. f4 Ne6 43. cxd6 Qxd6 44. Bb3 Qc5 45. Qf1 Nd4 46. Bd5 exf4 47. Qxf4
Qc2+ 48. Kh3 Qd1 49. Kg2 Qe2+ 50. Kh3 Qd1 51. Kg2 Qe2+ 52. Kh3 Bxa4 53. e5 Qd1
54. e6 Nxe6 55. Qe5 Nxg5+ 56. Kh4 Nf3+ 57. Bxf3 Qd8 58. Kg5 Bb3 59. g4 h4 60.
Bg2 a4 61. Qc5 a3 62. Bh3 a2 63. Bg2 Bc4 64. Qe5 h3 65. Be4 h2 66. Qb2 h1=Q 67.
Bxh1 a1=Q 68. Qxa1 Qd2+ 0-1